Zákon směnečný a šekový komentář
Guardado en:
| Autor principal: | |
|---|---|
| Formato: | Libro |
| Lenguaje: | checo |
| Publicado: |
Praha
Wolters Kluwer ČR
2012
|
| Colección: | Komentáře Wolters Kluwer
|
| Materias: | |
| Etiquetas: |
Sin Etiquetas, Sea el primero en etiquetar este registro!
|
MARC
| LEADER | 00000nam a2200000 4500 | ||
|---|---|---|---|
| 001 | 0172064 | ||
| 005 | 20240315114803.7 | ||
| 020 | |a 978-80-7357-965-4 | ||
| 041 | 0 | |a cze | |
| 044 | |a CZ | ||
| 245 | 1 | 0 | |a Zákon směnečný a šekový |b komentář |c Josef Kotásek |
| 264 | 1 | |a Praha |b Wolters Kluwer ČR |c 2012 | |
| 300 | |a xv, 404 s. | ||
| 490 | 1 | |a Komentáře Wolters Kluwer | |
| 830 | 0 | |a Komentáře Wolters Kluwer | |
| 610 | 2 | 0 | |a právo zmenkové a šekové |
| 610 | 2 | 0 | |a zmenky |
| 610 | 2 | 0 | |a šeky |
| 610 | 2 | 0 | |a právo medzinárodné |
| 100 | 1 | |a Kotásek, Josef | |